Statistics for Disney Pixar Characters by Quote #1

Click here to take the quiz!

General Stats

  • This quiz has been taken 359 times
    (271 since last reset)
  • The average score is 8 of 15

Answer Stats

HintCharacter% Correct
"To infinity... and beyond!"Buzz Lightyear
100%
"Wow. I wish I could speak whale..."Dory
76%
"Congratulations San Francisco, you've ruined Pizza! First the Hawaiians, and now YOU!"Anger
63%
"Well, you know, because Thunder always comes after... Lightning!"Lightning McQueen
63%
"No, Buzz. I *am* your father!"Emperor Zurg
60%
"It's a whole family of supers! Looks like I hit the jackpot! Oh, this is just too good!"Syndrome
59%
"Our fate lies within us. You only have to be brave enough to see it."Princess Merida
54%
"I'll have some of that there pistachio ice cream."Mater
51%
"My team had nothing to do with it. It was all me. I cheated."James P. Sullivan
48%
"Anyone can cook"Gusteau
46%
"Adventure is out there!"Charles Muntz / Ellie
43%
"These guys are the lousiest circus bugs you've ever seen, and they're gonna make me rich!"P.T. Flea
30%
"Aw, poor guy. I understand. It's not easy being banished."The Abominable Snowman
30%
"Authority should derive from the consent of the governed, not from threat of force!"Barbie
24%
"I don't want to survive. I want to live!"Captain B. McCrea
21%

Score Distribution

Percentile by Number Answered

Percent of People with Each Score

Your Score History

You have not taken this quiz since the last reset